Diez competencias docentes para ser mejor profesor de Educación Física. La gestión didáctica de la clase.

I tiakina i:
Ngā taipitopito rārangi puna kōrero
Kaituhi matua: Blázquez Sánchez, Domingo (autor)
Hōputu: Tē mōhiotia
I whakaputaina: Barcelona, España: INDE Publicaciones, 2016.
Putanga:Segunda edición.
Ngā marau:
Ngā Tūtohu: Tāpirihia he Tūtohu
Kāore He Tūtohu, Me noho koe te mea tuatahi ki te tūtohu i tēnei pūkete!

MARC

LEADER 00000 a2200000 4500
003 CL-VaPUC
005 20220912174119.0
008 220816t2016 ||||| |||| 00| 0 eng d
999 |c 438336  |d 438334 
020 |a 978-84-9729-325-9 
040 |c Pontificia Universidad Católica de Valparaíso 
082 7 |a 372.86 BLA 2016  |2 22 
100 |a Blázquez Sánchez, Domingo  |9 307432  |e autor 
245 |a Diez competencias docentes para ser mejor profesor de Educación Física.   |b La gestión didáctica de la clase.  
250 |a Segunda edición. 
260 |a Barcelona, España:  |b INDE Publicaciones,   |c 2016. 
300 |a 277 páginas.  
583 |k Cristina María Rojas Aguilar  |c 20220816 
650 |a Educación física  |x Docente  |x Formación didáctica   |9 875600 
650 |a Educación física   |x Competencias docentes   |9 875601 
942 |2 ddc  |c BK 
952 |0 0  |1 0  |2 ddc  |4 0  |6 372_860000000000000_BLA_2016  |7 0  |8 A  |9 586247  |a BIBEDU  |b BIBEDU  |c GEN  |d 2022-08-16  |e 74  |g 30674.00  |i 5654193  |o 372.86 BLA 2016  |p 5654193  |r 2022-08-16  |t 1  |v 30674.00  |w 2022-08-16  |y BK  |k EFI 
952 |0 0  |1 0  |2 ddc  |4 0  |6 372_860000000000000_BLA_2016  |7 0  |8 A  |9 586248  |a BIBEDU  |b BIBEDU  |c GEN  |d 2022-08-16  |e 74  |g 30674.00  |i 5654194  |o 372.86 BLA 2016  |p 5654194  |r 2022-08-16  |t 2  |v 30674.00  |w 2022-08-16  |y BK  |k EFI 
952 |0 0  |1 0  |2 ddc  |4 0  |6 372_860000000000000_BLA_2016  |7 0  |8 A  |9 586686  |a BIBEDU  |b BIBEDU  |c GEN  |d 2022-09-12  |e 74  |g 30674.00  |i 5654647  |o 372.86 BLA 2016  |p 5654647  |r 2022-09-12  |t 3  |v 30674.00  |w 2022-09-12  |y BK  |k EFI 
952 |0 0  |1 0  |2 ddc  |4 0  |6 372_860000000000000_BLA_2016  |7 0  |8 A  |9 586687  |a BIBEDU  |b BIBEDU  |c GEN  |d 2022-09-12  |e 74  |g 30674.00  |i 5654648  |o 372.86 BLA 2016  |p 5654648  |r 2022-09-12  |t 4  |v 30674.00  |w 2022-09-12  |y BK  |k EFI 
952 |0 0  |1 0  |2 ddc  |4 0  |6 372_860000000000000_BLA_2016  |7 0  |8 A  |9 586688  |a BIBEDU  |b BIBEDU  |c GEN  |d 2022-09-12  |e 74  |g 30674.00  |i 5654649  |l 1  |o 372.86 BLA 2016  |p 5654649  |r 2023-05-22  |s 2023-05-18  |t 5  |v 30674.00  |w 2022-09-12  |y BK  |k EFI